| 000 | 00440nam a2200169 4500 | ||
|---|---|---|---|
| 001 | 121913 | ||
| 003 | ES-MaACL | ||
| 005 | 20230906191850.0 | ||
| 007 | t| | ||
| 008 | 070214s1971 sp r ||||1| cat d | ||
| 100 | 1 |
_aPoblet, Josep María. _992690 |
|
| 245 | 1 | 0 |
_aAquell any 1917 / _cJosep M. Poblet. |
| 250 | _a1ª ed. | ||
| 260 |
_aBarcelona : _bPortic, _c1971. |
||
| 300 |
_a231 p. ; _c18 cm. |
||
| 852 |
_aES-MaACL _jC-47586 _bR.80122 |
||
| 999 |
_c121913 _d121913 |
||